Statistics for Largest Indonesian Cities by Island

Click here to take the quiz!

General Stats

  • This quiz has been taken 196 times
  • The average score is 15 of 22

Answer Stats

GroupCity% Correct
JavaJakarta
99%
JavaSurabaya
95%
JavaBandung
92%
SumatraMedan
90%
BaliDenpasar
89%
SulawesiMakassar
79%
SumatraPalembang
75%
New GuineaJayapura
69%
SumatraPadang
69%
BorneoBalikpapan
66%
BorneoPontianak
65%
SulawesiManado
62%
SulawesiPalu
62%
SumatraPekanbaru
62%
BorneoBanjarmasin
61%
JavaBekasi
60%
BorneoSamarinda
60%
JavaTangerang
59%
SulawesiGorontalo
56%
SumatraBandar Lampung
55%
TimorKupang
53%
SulawesiKendari
50%

Score Distribution

Percentile by Number Answered

Percent of People with Each Score

Your Score History

You have not taken this quiz